000 00423nam a22001817a 4500
020 _a9789332542426
082 _a515 THO
100 _aGeorge B. Thomas
245 _aThomas' Calculus
250 _a12th ed.
260 _aNew Delhi
_bPearson
_c2016
300 _apv
_bill.:
500 _aAcc No. 11080 Received against 9th ed.
650 _aCalculus
700 _aMaurice D. Weir
700 _aJoel Hass
942 _cBK
999 _c13493
_d13493